LEADER 01223nam a2200265 u 4500 001 000000106142 003 CaOOAMICUS 005 20070709142733.0 008 070709s1985 it u000 u ita u 040 $aPUL$bita$dGP 245 10$aEbraismo, ellenismo, cristianesimo . 260 $aPadova :$bCEDAM,$c1985. 300 $a391 p. ;$c24 cm. 490 1 $aArchivio di filosofia,$x0004-0088 ;$vanno 53 (1985) 650 14$aEbraismo.$0(OLS)http://pul/subject/2238 650 14$aEllenismo.$0(OLS)http://pul/subject/7340 650 14$aCristianesimo (filosofia).$0(OLS)http://pul/subject/22607 830 0$aArchivio di filosofia (CEDAM).$0(OLS)http://pul/title/133675 850 $aPUL 852 $aPUL$W1$xSL Filosofia 1$y2$m97 L 53.2$j119198$aAnno 53, n. 2-3 (1985).$qStampati$B119089$CPULBib$Z2$F119089 $H53690 $82 852 $aPUL$W1$xSL Filosofia 1$y2$m97 L 53.1$j119199$aAnno 53, n. 1 (1985).$qStampati$B119088$CPULBib$Z2$F119088 $H53689 $82 941 1 $a8 983 0$aArchivio di filosofia (Fabrizio Serra) 996 $6245$aEbraismo, ellenismo, cristianesimo $9(OLS)http://pul/title/133677 996 $6260$aPadova :$bCEDAM$9(OLS)http://pul/publisher/48126 LEADER 01311nam a2200313 a 4500 001 000000125086 003 CaOOAMICUS 005 20110418125642.0 008 110418s2011 it do u000 u ita r 020 $a978-88-10-41013-4 040 $aPUL$bita 082 04$a296.1 100 1 $aPaganini, Simone.$0(OLS)http://pul/name/79068 245 10$aQumran le rovine della luna :$bil monastero e gli esseni, una certezza o un'ipotesi? /$cSimone Paganini. 260 $aBologna :$bEDB,$c©2011. 300 $a223 p. :$bgrafici, fotogr. ;$c21 cm 490 1 $aStudi biblici ;$v61 504 $aBibliografia p. 215-217. 650 4$aQumrân (comunità).$0(OLS)http://pul/subject/9646 830 0$aStudi biblici (EDB) ;$v61.$0(OLS)http://pul/title/103934 850 $aPUL 852 $aPUL$W1$xSL Religione 3$y85$m296. 1 PAGSI 1$j144004$qDDC 21$B143061$CPULBib$Z2$F143061 $H116689 $82 941 1 $a9 983 0$aCollana Studi biblici. 996 $6020$a978-88-10-41013-4$9(OLS)http://pul/number/146946 996 $6082$a296.1$9(OLS)http://pul/classification/668 996 $6245$aQumran le rovine della luna :$bil monastero e gli esseni, una certezza o un'ipotesi?$9(OLS)http://pul/title/157693 996 $6260$aBologna :$bEDB$9(OLS)http://pul/publisher/56073